000 00886nas a2200289 4500
001 BR0205555
003 BR-BrBNA
005 20231205103357.0
007 ta
008 230509b bl.|||p| |||| 00| 00por d
040 _aBR-BrBNA
_bpor
_cBiblioteca Nacional de Agricultura
041 _a(Pt)
072 _aF30
100 1 _aCarvalho, J.E.U. de
100 1 _aAlves, S. de M.
100 1 _aNascimento, W.M.O. do
100 1 _aMüller, C.H.
245 1 _aCaracterísticas físicas e químicas de um tipo de bacuri (Platonia insignis Mart.)sem sementes
650 _aBACURI
650 _aPROPRIEDADE FÍSICO-QUÍMICA
650 _aVARIEDADE
650 _aSEMENTE
650 _aPARÁ
773 0 _tRevista Brasileira de Fruticultura (Brazil)
_xISSN 0100-2945
_g(Aug 2002), v. 24(2) p. 573-575
_wBR0205555
909 _a202311
_bLúcia
_c55
_dLúcia Elande
942 _2AGRIS
_n0
_cANA
999 _c172539
_d172539